[Event "LXXXIII Campeonato Brasileiro Absoluto Fase Final 2016"]
[Site "Clube Xadrez Guanabara - Rio de Janeiro, RJ - Brazil"]
[Date "2017.02.07"]
[Round "2"]
[Board "5"]
[White "Macedo, Maximo Iack"]
[Black "De Paula, Rafael Figueiredo"]
[Result "1/2-1/2"]
[WhiteElo "2366"]
[BlackElo "2322"]
[PlyCount "86"]
[EventDate "2017.02.06"]
[EventRounds "11"]
[EventCountry "BRA"]

1. d4 d5 2. c4 e5 3. dxe5 d4 4. Nf3 Nc6 5. a3 Nge7 6. e3 Nf5 7. b4 dxe3 8.
Qxd8+ Nxd8 9. fxe3 a5 10. e4 Ne7 11. b5 Ng6 12. Nc3 Bg4 13. Nd5 Ne6 14. Ng5 Rc8
15. h3 Nxg5 16. Bxg5 Be6 17. Bd2 b6 18. Bc3 Bc5 19. g3 O-O 20. Nf4 Rcd8 21. Nd5
Rd7 22. Rh2 Re8 23. Re2 Bxd5 24. exd5 Rde7 25. e6 fxe6 26. Bg2 exd5 27. Bxd5+
Kf8 28. Rxe7 Nxe7 29. Bb7 Nf5+ 30. Kd2 Nxg3 31. a4 Ne4+ 32. Kc2 Nxc3 33. Rf1+
Kg8 34. Kxc3 Re3+ 35. Kc2 Rxh3 36. Bd5+ Kh8 37. Rf7 Bd6 38. c5 Rh2+ 39. Kd3
bxc5 40. Rd7 Rh3+ 41. Kc2 Rh2+ 42. Kd3 Rh3+ 43. Kc2 Rh2+ 1/2-1/2

[Event "LXXXIII Campeonato Brasileiro Absoluto Fase Final 2016"]
[Site "Clube Xadrez Guanabara - Rio de Janeiro, RJ - Brazil"]
[Date "2017.02.08"]
[Round "3"]
[Board "6"]
[White "Pinto, Carlos Henrique Lopes"]
[Black "Reis, Paulo F. Jatoba De Olivei"]
[Result "1/2-1/2"]
[WhiteElo "2121"]
[BlackElo "2397"]
[PlyCount "124"]
[EventDate "2017.02.06"]
[EventRounds "11"]
[EventCountry "BRA"]

1. d4 Nf6 2. c4 g6 3. Nc3 Bg7 4. e4 d6 5. f4 O-O 6. Nf3 Na6 7. Bd3 Bg4 8. O-O
Nd7 9. Be3 e5 10. fxe5 c5 11. Be2 Bxf3 12. gxf3 cxd4 13. Bxd4 dxe5 14. Be3 Nac5
15. Qd2 Ne6 16. Rad1 Nd4 17. Nb5 Nxb5 18. cxb5 Nb6 19. Qxd8 Rfxd8 20. b3 Bf8
21. a4 Bb4 22. Rxd8+ Rxd8 23. Rd1 Rxd1+ 24. Bxd1 Nc8 25. Be2 Ba5 26. Kf1 Bb6
27. Bd2 Bd4 28. Bc4 Nb6 29. Bd3 Nd7 30. Bc4 Nb6 31. Bd3 Kg7 32. Ke2 Nd7 33. a5
b6 34. a6 h5 35. Bc4 Kf6 36. Bd5 g5 37. h3 Bc5 38. Kd3 Nf8 39. Bc4 Ng6 40. Ke2
Ne7 41. Bc3 Nc8 42. Kd3 Ne7 43. Ke2 Ng6 44. Bd2 Nh4 45. Be1 Ng2 46. Bd2 Kg6 47.
Bd3 f6 48. Bc4 Kg7 49. Be6 Nh4 50. Be1 Ng6 51. Bd2 Kf8 52. Bc4 Ke7 53. Kd3 Kf8
54. Ke2 Kg7 55. Be6 Nf8 56. Bf5 Kf7 57. Kd3 Ne6 58. Bxe6+ Kxe6 59. Kc4 Bg1 60.
Bc1 Bc5 61. Bd2 Kd6 62. Bc1 Ke6 1/2-1/2

[Event "LXXXIII Campeonato Brasileiro Absoluto Fase Final 2016"]
[Site "Clube Xadrez Guanabara - Rio de Janeiro, RJ - Brazil"]
[Date "2017.02.08"]
[Round "4"]
[Board "1"]
[White "Fier, Alexandr"]
[Black "Reis, Paulo F. Jatoba De Olivei"]
[Result "1-0"]
[WhiteElo "2581"]
[BlackElo "2397"]
[PlyCount "73"]
[EventDate "2017.02.06"]
[EventRounds "11"]
[EventCountry "BRA"]

1. d4 Nf6 2. c4 e6 3. Nc3 Bb4 4. e3 O-O 5. Nge2 c6 6. a3 Ba5 7. Ng3 d5 8. Be2
Nbd7 9. O-O dxc4 10. Bxc4 e5 11. Bb3 exd4 12. exd4 Bc7 13. Bc2 Re8 14. Bg5 h6
15. Be3 Nb6 16. Qd3 Nbd5 17. Nxd5 cxd5 18. f3 Bd6 19. Rac1 Bd7 20. Qd2 Qb6 21.
Nf5 Bf8 22. Bf4 Rac8 23. Ne3 Be6 24. Be5 Be7 25. Nf5 Bxf5 26. Bxf5 Rxc1 27.
Rxc1 Bd6 28. Bxf6 gxf6 29. g3 Kg7 30. Kg2 Qb5 31. Rc2 Re7 32. Qd1 Rc7 33. Rd2
Re7 34. f4 Bc7 35. Rc2 Qb3 36. Qg4+ Kf8 37. Bh7 1-0

[Event "LXXXIII Campeonato Brasileiro Absoluto Fase Final 2016"]
[Site "Clube Xadrez Guanabara - Rio de Janeiro, RJ - Brazil"]
[Date "2017.02.10"]
[Round "6"]
[Board "1"]
[White "Fier, Alexandr"]
[Black "El Debs, Felipe De Cresce"]
[Result "1/2-1/2"]
[WhiteElo "2581"]
[BlackElo "2523"]
[PlyCount "82"]
[EventDate "2017.02.06"]
[EventRounds "11"]
[EventCountry "BRA"]

1. d4 Nf6 2. c4 e6 3. Nc3 Bb4 4. Qc2 O-O 5. Nf3 c5 6. dxc5 Na6 7. g3 Nxc5 8.
Bg2 Nce4 9. O-O Nxc3 10. bxc3 Be7 11. e4 d6 12. e5 dxe5 13. Nxe5 Qc7 14. Qe2
Nd7 15. Bf4 Nxe5 16. Bxe5 Bd6 17. Rfe1 Bxe5 18. Qxe5 Qxc4 19. a4 a5 20. Red1 f6
21. Qd6 Qxc3 22. Rac1 Qe5 23. Qxe5 fxe5 24. Rc7 Rf7 25. Rd8+ Rf8 26. Rxf8+ Kxf8
27. Be4 Rb8 28. Kg2 h6 29. Kf3 Ke8 30. Rxg7 Kd8 31. h4 Bd7 32. Bc2 Rc8 33. Rg8+
Ke7 34. Rxc8 Bxc8 35. Ke4 Kf6 36. g4 Bd7 37. g5+ hxg5 38. hxg5+ Kxg5 39. Kxe5
b5 40. axb5 Bxb5 41. Kxe6 Kf4 1/2-1/2

[Event "LXXXIII Campeonato Brasileiro Absoluto Fase Final 2016"]
[Site "Clube Xadrez Guanabara - Rio de Janeiro, RJ - Brazil"]
[Date "2017.02.10"]
[Round "6"]
[Board "4"]
[White "Nogueira, Ivan Kuhlmann"]
[Black "Quintiliano Pinto, Renato R."]
[Result "0-1"]
[WhiteElo "2308"]
[BlackElo "2491"]
[PlyCount "102"]
[EventDate "2017.02.06"]
[EventRounds "11"]
[EventCountry "BRA"]

1. e4 c5 2. Nf3 d6 3. Bb5+ Nd7 4. c3 Ngf6 5. Qe2 a6 6. Ba4 b5 7. Bc2 Bb7 8. d4
e5 9. Nbd2 Be7 10. Nf1 O-O 11. d5 c4 12. Ng3 g6 13. Bh6 Re8 14. Nd2 Nc5 15. h4
Bc8 16. f3 Nfd7 17. Qe3 Bxh4 18. Kf2 Be7 19. Rh2 Qb6 20. Rah1 Nb7 21. Qxb6 Nxb6
22. Be3 Nd7 23. Rxh7 Bf6 24. Ne2 Nbc5 25. R7h2 a5 26. a4 Ba6 27. axb5 Bxb5 28.
Nb1 Ba4 29. Na3 Bxc2 30. Nxc2 Nd3+ 31. Kg3 Rab8 32. Rb1 Nxb2 33. Na3 Rb3 34.
Ra1 Rc8 35. Nc2 Nd3 36. Ra2 Bd8 37. Rh1 Bb6 38. Rha1 N7c5 39. Na3 Nxe4+ 40.
fxe4 Bxe3 41. Nc2 Bb6 42. Kf3 Nb4 43. Nxb4 axb4 44. Kg4 bxc3 45. Rc1 Bd4 46.
Ra6 Rb2 47. Kf3 c2 48. Rxd6 Ra8 49. Rc6 Ra3+ 50. Kg4 Be3 51. d6 Rd3 0-1

[Event "LXXXIII Campeonato Brasileiro Absoluto Fase Final 2016"]
[Site "Clube Xadrez Guanabara - Rio de Janeiro, RJ - Brazil"]
[Date "2017.02.10"]
[Round "6"]
[Board "6"]
[White "De Paula, Rafael Figueiredo"]
[Black "Carneiro, Vitor Roberto Castro"]
[Result "1/2-1/2"]
[WhiteElo "2322"]
[BlackElo "2426"]
[PlyCount "153"]
[EventDate "2017.02.06"]
[EventRounds "11"]
[EventCountry "BRA"]

1. e4 c6 2. d4 d5 3. Nc3 dxe4 4. Nxe4 Bf5 5. Ng3 Bg6 6. Nh3 e6 7. Nf4 Qc7 8. c3
Nd7 9. Qf3 Bd6 10. Bc4 Nb6 11. Bb3 Nf6 12. Bd2 Nbd5 13. Nxg6 hxg6 14. O-O-O a5
15. Ne4 Nxe4 16. Qxe4 a4 17. Bc2 a3 18. b3 c5 19. Rde1 Nf6 20. Qd3 Kf8 21. h3
Rh5 22. c4 b5 23. g4 bxc4 24. bxc4 Rh8 25. g5 Nh5 26. Qf3 Re8 27. d5 Bf4 28.
dxe6 Bxd2+ 29. Kxd2 Qd8+ 30. Bd3 Qxg5+ 31. Kc2 Qf6 32. Qxf6 gxf6 33. exf7 Kxf7
34. Rxe8 Rxe8 35. Rb1 Nf4 36. Bf1 f5 37. Kd2 Kf6 38. Rb3 Rd8+ 39. Ke3 Rd1 40.
Kxf4 Rxf1 41. Kg3 Rg1+ 42. Kf3 Ke5 43. Rd3 Ra1 44. Rd5+ Kf6 45. Rxc5 Rxa2 46.
Ra5 Ra1 47. h4 a2 48. Kf4 Ke7 49. c5 Kd7 50. Ra6 Kc7 51. Kf3 Kb7 52. Rb6+ Kc7
53. Ra6 Kd7 54. Rd6+ Kc8 55. Rc6+ Kb8 56. Rb6+ Kc7 57. Ra6 Kd8 58. Rd6+ Ke8 59.
Rd2 Ke7 60. c6 Rc1 61. Rxa2 Rxc6 62. Ra4 Kf6 63. Kf4 Rc1 64. f3 Rh1 65. Kg3 Ke5
66. Ra5+ Kf6 67. Ra4 Rd1 68. Kf4 Rh1 69. Kg3 Kg7 70. Ra8 Rb1 71. Kf4 Rh1 72.
Kg3 Kh7 73. Rb8 Kh6 74. Rh8+ Kg7 75. Ra8 Kf7 76. Ra7+ Kf6 77. Ra4 1/2-1/2

[Event "LXXXIII Campeonato Brasileiro Absoluto Fase Final 2016"]
[Site "Clube Xadrez Guanabara - Rio de Janeiro, RJ - Brazil"]
[Date "2017.02.10"]
[Round "7"]
[Board "1"]
[White "Carneiro, Vitor Roberto Castro"]
[Black "Fier, Alexandr"]
[Result "1/2-1/2"]
[WhiteElo "2426"]
[BlackElo "2581"]
[PlyCount "37"]
[EventDate "2017.02.06"]
[EventRounds "11"]
[EventCountry "BRA"]

1. c4 e5 2. g3 c6 3. d4 e4 4. Nc3 d5 5. Bg2 h6 6. cxd5 cxd5 7. f3 exf3 8. Nxf3
Nf6 9. O-O Be7 10. Nh4 O-O 11. Nf5 Bb4 12. Nxh6+ gxh6 13. Rxf6 Bxc3 14. Rxh6
Bb4 15. e4 dxe4 16. Bxe4 Re8 17. Rh8+ Kg7 18. Rh7+ Kg8 19. Rh8+ 1/2-1/2

[Event "LXXXIII Campeonato Brasileiro Absoluto Fase Final 2016"]
[Site "Clube Xadrez Guanabara - Rio de Janeiro, RJ - Brazil"]
[Date "2017.02.10"]
[Round "7"]
[Board "6"]
[White "El Debs, Felipe De Cresce"]
[Black "Matsuura, Everaldo"]
[Result "1/2-1/2"]
[WhiteElo "2523"]
[BlackElo "2480"]
[PlyCount "63"]
[EventDate "2017.02.06"]
[EventRounds "11"]
[EventCountry "BRA"]

1. d4 d5 2. c4 e6 3. Nc3 c6 4. e4 dxe4 5. Nxe4 Bb4+ 6. Nc3 c5 7. a3 Ba5 8. Be3
Bxc3+ 9. bxc3 Qa5 10. Bd2 Nf6 11. Bd3 Nc6 12. Nf3 Qd8 13. O-O cxd4 14. cxd4
Nxd4 15. Bc3 Nc6 16. Qe2 b6 17. Rfd1 Qc7 18. Qb2 Qe7 19. c5 O-O 20. cxb6 Rb8
21. bxa7 Rxb2 22. a8=Q Rb6 23. Qa4 Nd5 24. Bd2 h6 25. Rab1 Rxb1 26. Rxb1 Qd6
27. Qb3 Bd7 28. a4 Rb8 29. Qd1 Rxb1 30. Qxb1 Ncb4 31. a5 Nxd3 32. Qxd3 1/2-1/2

[Event "LXXXIII Campeonato Brasileiro Absoluto Fase Final 2016"]
[Site "Clube Xadrez Guanabara - Rio de Janeiro, RJ - Brazil"]
[Date "2017.02.11"]
[Round "8"]
[Board "1"]
[White "Fier, Alexandr"]
[Black "Matsuura, Everaldo"]
[Result "1/2-1/2"]
[WhiteElo "2581"]
[BlackElo "2480"]
[PlyCount "81"]
[EventDate "2017.02.06"]
[EventRounds "11"]
[EventCountry "BRA"]

1. d4 d5 2. c4 c6 3. Nf3 e6 4. e3 Nf6 5. b3 Nbd7 6. Bd3 Be7 7. O-O O-O 8. Bb2
b6 9. Nc3 Bb7 10. Qe2 c5 11. Rfd1 cxd4 12. exd4 Qc7 13. Ne5 dxc4 14. bxc4 Nxe5
15. dxe5 Qc6 16. Nd5 exd5 17. exf6 dxc4 18. Qg4 Bxf6 19. Bxf6 Qxf6 20. Bxc4
Rad8 21. h3 g6 22. Rac1 Rxd1+ 23. Rxd1 Bc8 24. Qe4 Be6 25. Bxe6 Qxe6 26. Qxe6
fxe6 27. Rd6 Rf5 28. Rxe6 Ra5 29. Re2 b5 30. Kh2 Ra3 31. f3 Kf7 32. Kg3 Kf6 33.
Rc2 a6 34. h4 Ra4 35. Rc7 Rxa2 36. Rxh7 b4 37. Rb7 a5 38. Kh3 Rb2 39. Ra7 Ra2
40. Rb7 Rb2 41. Ra7 1/2-1/2

[Event "LXXXIII Campeonato Brasileiro Absoluto Fase Final 2016"]
[Site "Clube Xadrez Guanabara - Rio de Janeiro, RJ - Brazil"]
[Date "2017.02.11"]
[Round "8"]
[Board "2"]
[White "Macedo, Maximo Iack"]
[Black "El Debs, Felipe De Cresce"]
[Result "1/2-1/2"]
[WhiteElo "2366"]
[BlackElo "2523"]
[PlyCount "90"]
[EventDate "2017.02.06"]
[EventRounds "11"]
[EventCountry "BRA"]

1. d4 Nf6 2. c4 e6 3. Nf3 b6 4. g3 Bb7 5. Bg2 Be7 6. Nc3 Ne4 7. Bd2 O-O 8. O-O
d5 9. cxd5 exd5 10. Bf4 Nd7 11. Qa4 c5 12. Nxe4 dxe4 13. Ne5 Nxe5 14. dxe5 Qe8
15. Qc2 Qc6 16. f3 c4 17. fxe4 b5 18. h4 b4 19. Rac1 Rac8 20. Kh2 Qa6 21. Bh3
Rc5 22. Qd2 c3 23. bxc3 Rd8 24. Qe3 Rxc3 25. Rxc3 bxc3 26. Bg4 c2 27. Qb3 Bxe4
28. Bg5 Bd5 29. Qxc2 Bxg5 30. hxg5 Qxa2 31. Qxa2 Bxa2 32. Ra1 Rd2 33. e6 Bxe6
34. Rxa7 g6 35. Bf3 Kf8 36. Ra5 Ke7 37. Kg1 Kd6 38. Ra8 Ke5 39. Ra5+ Kd4 40.
Kf2 Ra2 41. Rb5 Bc4 42. Rb8 Ke5 43. Rh8 Be6 44. Rxh7 Kf5 45. Rh4 Kxg5 1/2-1/2

[Event "LXXXIII Campeonato Brasileiro Absoluto Fase Final 2016"]
[Site "Clube Xadrez Guanabara - Rio de Janeiro, RJ - Brazil"]
[Date "2017.02.11"]
[Round "8"]
[Board "5"]
[White "De Paula, Rafael Figueiredo"]
[Black "Quintiliano Pinto, Renato R."]
[Result "1/2-1/2"]
[WhiteElo "2322"]
[BlackElo "2491"]
[PlyCount "142"]
[EventDate "2017.02.06"]
[EventRounds "11"]
[EventCountry "BRA"]

1. e4 c5 2. Nf3 d6 3. d4 cxd4 4. Nxd4 Nf6 5. Nc3 a6 6. Bc4 e6 7. O-O b5 8. Bb3
Be7 9. Qf3 Qc7 10. Qg3 O-O 11. Bh6 Ne8 12. Be3 Bd7 13. f4 Nc6 14. Nxc6 Bxc6 15.
f5 e5 16. Bd5 Kh8 17. Bxc6 Qxc6 18. Nd5 Bd8 19. c3 Nf6 20. Nxf6 Bxf6 21. Qf3 a5
22. Rac1 Rg8 23. Rfd1 g6 24. Rd5 gxf5 25. Qxf5 Rg6 26. g3 Bg7 27. Qf1 Rb8 28.
b3 a4 29. c4 axb3 30. cxb5 Qa8 31. axb3 Qa3 32. Bf2 Rf6 33. Qd1 Bh6 34. Rc3 Kg7
35. Rf3 Rc8 36. Rxf6 Rc1 37. Rfxd6 Qxb3 38. Qxc1 Bxc1 39. Rxe5 Be3 40. Red5
Qb1+ 41. Rd1 Bxf2+ 42. Kxf2 Qxb5 43. R6d5 Qc4 44. e5 Qc2+ 45. R1d2 Qf5+ 46. Ke3
Qg5+ 47. Ke2 Qg4+ 48. Ke3 Qg5+ 49. Kd3 Qf5+ 50. Kc3 Qc8+ 51. Kb2 Qb7+ 52. Kc1
Qc6+ 53. Kd1 Qa4+ 54. Ke1 Qe4+ 55. Kf2 Qf5+ 56. Kg1 Qb1+ 57. Rd1 Qe4 58. R5d2
Qxe5 59. Rf2 Qe3 60. Rdf1 Qd4 61. h3 Qc5 62. Kh2 Qd5 63. Rf5 Qe6 64. h4 Qc4 65.
R1f2 Qe6 66. h5 Qc4 67. Rxf7+ Qxf7 68. Rxf7+ Kxf7 69. Kh3 h6 70. Kg4 Ke6 71.
Kf4 Kf6 1/2-1/2

[Event "LXXXIII Campeonato Brasileiro Absoluto Fase Final 2016"]
[Site "Clube Xadrez Guanabara - Rio de Janeiro, RJ - Brazil"]
[Date "2017.02.12"]
[Round "9"]
[Board "2"]
[White "Quintiliano Pinto, Renato R."]
[Black "Carneiro, Vitor Roberto Castro"]
[Result "1/2-1/2"]
[WhiteElo "2491"]
[BlackElo "2426"]
[PlyCount "130"]
[EventDate "2017.02.06"]
[EventRounds "11"]
[EventCountry "BRA"]

1. d4 Nf6 2. c4 e6 3. Nf3 d5 4. Nc3 a6 5. cxd5 exd5 6. Bg5 Be6 7. e3 Nbd7 8.
Bd3 Bd6 9. O-O O-O 10. Qc2 h6 11. Bh4 Re8 12. Rad1 c6 13. Bh7+ Kh8 14. Bf5 Bxf5
15. Qxf5 g6 16. Qc2 Qe7 17. Rfe1 Qe6 18. Bxf6+ Nxf6 19. Nd2 Kg7 20. f3 c5 21.
Nb3 cxd4 22. Nxd4 Qe5 23. g3 Qg5 24. Qf2 h5 25. Kh1 Re7 26. Nc2 Bc5 27. Qg2 Qf5
28. Nxd5 Nxd5 29. e4 Qf6 30. Rxd5 Rc8 31. e5 Qf5 32. Re2 h4 33. gxh4 Ba7 34.
Ne1 Rc1 35. Qg3 Rd7 36. Rxd7 Qxd7 37. e6 Qb5 38. Qe5+ Qxe5 39. Rxe5 fxe6 40.
Kg2 Kf6 41. Re2 Rd1 42. f4 Bb8 43. Kf3 Kf5 44. Ng2 Rf1+ 45. Kg3 Kf6 46. Kg4 e5
47. fxe5+ Bxe5 48. Ne3 Rf4+ 49. Kh3 Kf7 50. Ng4 Bd6 51. b3 a5 52. Ne5+ Kf6 53.
Nc4 Bc7 54. Ne3 Rd4 55. Nc2 Rd3+ 56. Kg4 Rd5 57. Rf2+ Ke6 58. Ne3 Re5 59. Nc4
Re4+ 60. Kg5 b5 61. Na3 Bd8+ 62. Kxg6 Rg4+ 63. Kh5 Rxh4+ 64. Kg6 Rg4+ 65. Kh5
Rh4+ 1/2-1/2

[Event "LXXXIII Campeonato Brasileiro Absoluto Fase Final 2016"]
[Site "Clube Xadrez Guanabara - Rio de Janeiro, RJ - Brazil"]
[Date "2017.02.12"]
[Round "9"]
[Board "6"]
[White "Matsuura, Everaldo"]
[Black "Macedo, Maximo Iack"]
[Result "1/2-1/2"]
[WhiteElo "2480"]
[BlackElo "2366"]
[PlyCount "71"]
[EventDate "2017.02.06"]
[EventRounds "11"]
[EventCountry "BRA"]

1. d4 Nf6 2. c4 c5 3. d5 b5 4. cxb5 a6 5. bxa6 g6 6. Nc3 Bg7 7. e4 O-O 8. e5
Ne8 9. Nf3 d6 10. exd6 exd6 11. Be2 Bxa6 12. O-O Qb6 13. Re1 Nc7 14. Qc2 Re8
15. Bf4 Bxe2 16. Rxe2 Nba6 17. Rae1 Nb4 18. Rxe8+ Nxe8 19. Qd2 c4 20. Be3 Qb7
21. Bd4 Nd3 22. Re2 Nf6 23. b3 Nxd5 24. Bxg7 Kxg7 25. bxc4 N5f4 26. Re3 Qb4 27.
Rxd3 Nxd3 28. Qxd3 Ra3 29. Qd4+ Kg8 30. Nd1 Qb1 31. Ne1 Rxa2 32. Qxd6 Ra1 33.
Qd8+ Kg7 34. Qd4+ Kg8 35. Qd8+ Kg7 36. Qd4+ 1/2-1/2

[Event "LXXXIII Campeonato Brasileiro Absoluto Fase Final 2016"]
[Site "Clube Xadrez Guanabara - Rio de Janeiro, RJ - Brazil"]
[Date "2017.02.13"]
[Round "10"]
[Board "2"]
[White "Nogueira, Ivan Kuhlmann"]
[Black "Matsuura, Everaldo"]
[Result "1/2-1/2"]
[WhiteElo "2308"]
[BlackElo "2480"]
[PlyCount "79"]
[EventDate "2017.02.06"]
[EventRounds "11"]
[EventCountry "BRA"]

1. e4 c5 2. Nf3 Nc6 3. Bb5 e6 4. O-O Nge7 5. Re1 a6 6. Bf1 d5 7. exd5 Nxd5 8.
d4 cxd4 9. Nxd4 Bd7 10. c4 Nf6 11. Nb3 Rc8 12. Be3 Na5 13. Nxa5 Qxa5 14. Nd2
Be7 15. Qf3 Bc6 16. Qg3 O-O 17. Nb3 Qh5 18. Be2 Qg6 19. Qxg6 hxg6 20. a3 b5 21.
cxb5 Bxb5 22. Bxb5 axb5 23. Rec1 Nd5 24. Bc5 Bxc5 25. Rxc5 Rxc5 26. Nxc5 Rc8
27. Rc1 f6 28. Kf1 Kf7 29. Nd3 Rxc1+ 30. Nxc1 e5 31. g3 Ke6 32. Ke2 Nb6 33. b3
Kd5 34. Nd3 Kd4 35. Kd2 g5 36. h3 f5 37. Nb4 e4 38. Nc6+ Kd5 39. Ne7+ Ke6 40.
Nc6 1/2-1/2

[Event "LXXXIII Campeonato Brasileiro Absoluto Fase Final 2016"]
[Site "Clube Xadrez Guanabara - Rio de Janeiro, RJ - Brazil"]
[Date "2017.02.13"]
[Round "10"]
[Board "4"]
[White "De Paula, Rafael Figueiredo"]
[Black "Reis, Paulo F. Jatoba De Olivei"]
[Result "1/2-1/2"]
[WhiteElo "2322"]
[BlackElo "2397"]
[PlyCount "130"]
[EventDate "2017.02.06"]
[EventRounds "11"]
[EventCountry "BRA"]

1. e4 e6 2. d4 d5 3. Nc3 Bb4 4. exd5 exd5 5. Bd3 Nf6 6. Nge2 O-O 7. O-O Bg4 8.
f3 Bh5 9. Nf4 Bg6 10. Nxg6 hxg6 11. a3 Bd6 12. Nb5 Be7 13. Re1 c6 14. Nc3 Bd6
15. Ne2 Re8 16. Ng3 Rxe1+ 17. Qxe1 Qb6 18. c3 Nbd7 19. Qf2 Nc5 20. Bf1 Nb3 21.
Rb1 c5 22. Be3 cxd4 23. cxd4 Rc8 24. Bd3 Qc7 25. Rd1 a6 26. Bb1 Na5 27. Nf1 Nc4
28. Bc1 b5 29. g3 Qd7 30. Nd2 a5 31. Nxc4 dxc4 32. Bd2 b4 33. axb4 axb4 34. Rc1
Qa4 35. Be1 Qb3 36. Be4 c3 37. Qc2 Qxc2 38. Rxc2 Re8 39. bxc3 Nxe4 40. fxe4
Rxe4 41. Kf2 bxc3 42. Bxc3 Re8 43. Re2 Rc8 44. Bd2 Bf8 45. Ke3 f6 46. Kd3 Kf7
47. Bc3 Rd8 48. Ra2 g5 49. Ra4 Ke6 50. Bb4 Bxb4 51. Rxb4 Rh8 52. Rb2 Kd5 53.
Rf2 Ra8 54. Rf5+ Ke6 55. Rf2 Kd5 56. Rf5+ Ke6 57. Rf2 Ra1 58. Rb2 Rd1+ 59. Ke3
Rh1 60. Ra2 Rb1 61. g4 Rg1 62. Ra6+ Kd5 63. Ra5+ Ke6 64. Ra6+ Kd5 65. Ra5+ Ke6
 1/2-1/2

[Event "LXXXIII Campeonato Brasileiro Absoluto Fase Final 2016"]
[Site "Clube Xadrez Guanabara - Rio de Janeiro, RJ - Brazil"]
[Date "2017.02.14"]
[Round "11"]
[Board "1"]
[White "Quintiliano Pinto, Renato R."]
[Black "Fier, Alexandr"]
[Result "1/2-1/2"]
[WhiteElo "2491"]
[BlackElo "2581"]
[PlyCount "132"]
[EventDate "2017.02.06"]
[EventRounds "11"]
[EventCountry "BRA"]

1. Nf3 c5 2. c4 Nc6 3. g3 g6 4. Bg2 Bg7 5. O-O d6 6. Nc3 Bf5 7. d3 Qd7 8. Bd2
Bh3 9. Bxh3 Qxh3 10. Nd5 Qd7 11. Rb1 e6 12. Bc3 Nd4 13. e3 Nf5 14. Bxg7 Nxg7
15. Nc3 Nf6 16. d4 O-O 17. dxc5 dxc5 18. Qxd7 Nxd7 19. Rfd1 Rfd8 20. b3 Kf8 21.
Rd2 Ke7 22. Rbd1 f6 23. Kf1 Ne8 24. g4 g5 25. h4 h6 26. Ke2 Nf8 27. hxg5 hxg5
28. Ne4 Rxd2+ 29. Nfxd2 b6 30. Rh1 Rd8 31. f4 gxf4 32. exf4 f5 33. gxf5 exf5
34. Ng3 Ng7 35. Ndf1 Nfe6 36. Ne3 Nxf4+ 37. Kf3 Ng6 38. Rh7 Ne5+ 39. Kf4 Nd3+
40. Kg5 f4 41. Nef5+ Kf8 42. Rxg7 fxg3 43. Kh4 Nf4 44. Rxg3 Rd2 45. Rf3 Ne6 46.
Nd6+ Ke7 47. Nc8+ Kd7 48. Nxa7 Rh2+ 49. Kg3 Rxa2 50. Nb5 Ke7 51. Rd3 Rb2 52.
Re3 Kf6 53. Kf3 Ng5+ 54. Kf4 Ne6+ 55. Ke4 Rd2 56. Rd3 Re2+ 57. Re3 Rd2 58. Rd3
Ng5+ 59. Ke3 Rb2 60. Nc3 Ne6 61. Na4 Rh2 62. Nxb6 Nd4 63. Ke4 Ke6 64. Re3 Kd6
65. Rg3 Rh4+ 66. Kd3 Nxb3 {Ke4 Ke5+} 1/2-1/2

[Event "LXXXIII Campeonato Brasileiro Absoluto Fase Final 2016"]
[Site "Clube Xadrez Guanabara - Rio de Janeiro, RJ - Brazil"]
[Date "2017.02.14"]
[Round "11"]
[Board "2"]
[White "Pinto, Carlos Henrique Lopes"]
[Black "Souza Neves, Andrey M."]
[Result "1/2-1/2"]
[WhiteElo "2121"]
[BlackElo "2218"]
[PlyCount "25"]
[EventDate "2017.02.06"]
[EventRounds "11"]
[EventCountry "BRA"]

1. d4 Nf6 2. c4 e6 3. Nf3 Bb4+ 4. Bd2 a5 5. g3 d6 6. Bg2 Nbd7 7. O-O Bxd2 8.
Qxd2 O-O 9. Nc3 c6 10. e4 Qc7 11. Rfe1 e5 12. Rad1 Re8 13. h3 1/2-1/2